| 000 | 00462nam a22001817a 4500 | ||
|---|---|---|---|
| 003 | CEME | ||
| 005 | 20210628205027.0 | ||
| 008 | 210222b xxu||||| |||| 00| 0 eng d | ||
| 020 | _a0-13-242801-6 | ||
| 040 | _c. | ||
| 082 | _a658.8 MAL'M | ||
| 100 |
_aMalhotra, Maresh K _973501 |
||
| 245 | _aMarketing research an applied orientation | ||
| 260 |
_aNEW JERSCY _bPRENTICE HALL _c1996 |
||
| 300 | _a890P | ||
| 650 |
_a ACC NO-30288 _973502 |
||
| 942 |
_cBK _2ddc |
||
| 999 |
_c579221 _d579221 |
||